000 00779nam a2200265Ia 4500
003 OSt
005 20220926015439.0
006 a|||||r|||| 00| 0
007 ta
008 220923b |||||||| |||| 00| 0 eng d
020 _a140393508X
037 _cGeneral Book
040 _aRTL
_cRTL
_beng
041 _2eng
_aeng
082 _aX:97D, P4
100 _aVerma Anil
_9322308
245 0 _aUnions in the 21st century
_b An international persp
260 _aNew York
_bPalgrave Macmillan
_c2004
300 _axiv,296p
_ccm.
500 _aBibliography chapterwise
650 _aTrade Union Economic
_9322309
700 _a Kochan Thomas A Ed.
_9322310
942 _hX:97D, P4
_cGB
_2CC
999 _c631562
_d631562